Estados financieros Normas para su preparacin̤ y presentacin̤

Bibliographic Details
Main Author: Carvalho Betancur, Javier Alonso
Format: eBook
Language:Spanish
Published: Bogot ̀: ECOE, 2011
Subjects:
Online Access:http://www.vlex.com/source/11269

MARC

LEADER 00000nam a22000007a 4500
005 20130611185305.0
007 cr|||| ||||
008 130611e2011 ck |||||s|||| 00||0 spa d
020 |a 978-958-648-595-1 
035 |a 11269 
040 |a vLex 
090 |c 4312  |d 4312 
100 1 0 |a Carvalho Betancur, Javier Alonso  
245 1 0 |a Estados financieros  |b Normas para su preparacin̤ y presentacin̤  |c / Javier Alonso Carvalho Betancur   |h [Recurso electrn̤ico]  
256 |a Servicio en ln̕ea 
260 |a Bogot ̀:  |b ECOE,   |c 2011 
300 |a 1 Recurso electrn̤ico 
506 |a Contenido solo disponible en los productos indicados  |d vLex Global  |d vLex Global (Academic Edition, excluding Law Schools)  |d vLex Global (U.S. Academic Edition, Law Schools)  |d vLex Global (U.S. Academic Edition, excluding Law Schools)  |d vLex Global (Academic Edition, Law Schools) 
650 4 |a Derecho mercantil y de la empresa  |z Colombia 
650 4 |a Administracin̤ (Management)  |z Colombia 
740 |a vLex Libros (Servicio en ln̕ea) 
856 |a Acceso restringido  |u http://www.vlex.com/source/11269 
942 |c BOOK 
999 0 |a Commercial law